Is It Real? Quiz - Statistics

General Stats
  • This quiz has been taken 23 times
  • The average score is 8 of 16
Answer Stats
Question Answer % Correct
The Quazzopig Not real
100%
The Rotary Engine Wasp Not real
100%
The Gigglesnort Reedhaunter Not real
100%
The Moderately Smooth Warrior Beetle Real
100%
The Friendless Sweat Bee Real
100%
The Eleven-Spiked Snarky Crab Not real
50%
The Disorderly-Bristled Stumpy Earthworm Real
50%
The Zyzzyzus Real
50%
The Pikachu Nudibranch Real
50%
The Lozenge-Marked Bicycle-Dragon Real
50%
The Mickey Mouse Timberdoodle Not real
0%
The Snickerdoodle Caper Snail Not real
0%
The Beige-Tipped Poop Caterpillar Not real
0%
The Super-Shiny-Backed Beetle Not real
0%
The Inaccessible Island Rail Real
0%
The Sparklemuffin Real
0%
No matching quizzes found
Score Distribution
Percent of People with Each Score
Percentile by Number Answered
Your Score History
You have not taken this quiz